Exposicion Mundial de Filatelica (Record no. 2606)

000 -LEADER
fixed length control field 00326nam a22000977a 4500
008 - FIXED-LENGTH DATA ELEMENTS--GENERAL INFORMATION
fixed length control field 180205b xxu||||| |||| 00| 0 eng d
100 ## - MAIN ENTRY--AUTHOR'S NAME
Author's Name Mendez, Elena
245 ## - TITLE STATEMENT
Title Exposicion Mundial de Filatelica
260 ## - PUBLICATION, DISTRIBUTION, ETC. (IMPRINT)
Name of publisher, distributor, etc. Ministerio de Obras Publicas y Transportes
Date of publication, distribution, etc. 1992
650 ## - TOPICAL TERM (Tag)
Topical term or geographic name Exhibition | Intermational Expositions | Spain | Granada 92

No items available.

Powered by Koha